Most Democratic States in the 2024 Presidential Election - Statistics

General Stats
  • This quiz has been taken 280 times
  • The average score is 8 of 9
Answer Stats
% State % Correct
58.7 California
98%
57.8 Washington
96%
63.8 Vermont
93%
55.5 New York
92%
60.9 Massachusetts
90%
61.8 Maryland
83%
56.4 Connecticut
82%
60.6 Hawaii
82%
56.6 Delaware
81%
No matching quizzes found
Score Distribution
Percent of People with Each Score
Percentile by Number Answered
Your Score History
You have not taken this quiz